Statystyki dla Quiz o Kostce Rubika

Kliknij tutaj aby rozwiązać quiz!

Ogólne statystyki

  • Ten quiz został rozwiązany 14 razy
  • Średni wynik to 4 z 10

Statystyki odpowiedzi

PytaniaOdpowiedzi% Poprawnych
7) Ile kolorów posiada Kostka Rubika?6
91%
2) Kto wynalazł Kostkę Rubika?Erno Rubik
73%
1) W jakim kraju powstała Kostka Rubika?Węgry
73%
3) W którym roku została wynaleziona Kostka Rubika?1974
45%
9) Ile ruchów maksymalnie jest potrzebnych, by ułożyć kostkę z dowolnego pomieszania?20
45%
5) Z ilu sześcianów składa się Kostka Rubika?26
45%
10) W którym roku kostka Rubika oficjalnie trafiła do Polski?1980
27%
4) Ile czasu po raz pierwszy zajęło wynalazcy złożenie Kostki?Miesiąc
27%
8) Ile wynosi liczba kombinacji różnych ułożeń kostki Rubika?43 tryliony
9%
6) Kto ułożył najszybciej kostkę Rubika?Max Park
9%

Rozkład punktacji

Percentyl według liczby udzielonych odpowiedzi

Procent ludzi z każdym wynikiem

Twoja historia wyników

Nie rozwiązałeś tego quizu